| 000 | 00468nam a2200157 4500 | ||
|---|---|---|---|
| 001 | 121268 | ||
| 003 | ES-MaACL | ||
| 005 | 20230906191724.0 | ||
| 007 | t| | ||
| 008 | 070214s1935 sp r ||||1| spa d | ||
| 100 | 1 |
_aPriego Jaramillo, Juan Manuel. _993861 |
|
| 245 | 1 | 4 |
_aLas variedades del olivo generalizadas en España / _cpor J. Manuel Priego. |
| 260 |
_aMadrid : _bUguina, _c1935. |
||
| 300 |
_a51 p., 18 h. de lám. ; _c24 cm. |
||
| 852 |
_aES-MaACL _j1805-F-10 |
||
| 999 |
_c121268 _d121268 |
||